000 00595cam a2200193 4500
001 6167
005 20181127181059.0
008 970516s1997 nyua b 001 0 eng
010 _a 97021456
020 _a0440226120
100 1 _aBord, Janet,
_d1945-
245 1 0 _aFairies :
_breal encounters with little people /
_cJanet Bord.
250 _a1st Carroll & Graf ed.
260 _aNew York :
_bCarroll & Graf,
_c1997.
300 _a182 p. :
_bill. ;
_c24 cm.
504 _aIncludes bibliographical references (p. [163]-164) and index.
650 0 _aFairies.
999 _c5210
_d5210